| 000 | 01114nam a22003257a 4500 | ||
|---|---|---|---|
| 001 | BR2023000712 | ||
| 003 | BR-BrBNA | ||
| 005 | 20250203151518.0 | ||
| 008 | 230615b bl.||||| |||| 00| 0 por d | ||
| 040 |
_aBR-BrBNA _bpor |
||
| 041 | _apor | ||
| 072 | _aD50 ; H01 ; L70 | ||
| 090 | _aD50 BR2023000712 | ||
| 110 | _aMinistério da Agricultura, Pecuária e Abastecimento, Brasília, DF (Brazil). Secretaria de Defesa Agropecuária | ||
| 245 | _aManual de fiscalização de insumos agrícolas: agrotóxicos, seus componentes e afins | ||
| 260 |
_aBrasília, DF (Brazil) _c2012 |
||
| 300 | _a225 p. | ||
| 500 | _a15 ref.; 11 tables | ||
| 650 | _aLEGISLAÇÃO | ||
| 650 | _aDEFESA VEGETAL | ||
| 650 | _aDEFESA FITOSSANITÁRIA | ||
| 650 | _aDEFESA ANIMAL | ||
| 650 | _aHIGIENE VETERINÁRIA | ||
| 650 | _aAGROTÓXICO | ||
| 650 | _aINSUMO | ||
| 650 | _aINSPEÇÃO SANITÁRIA | ||
| 856 | _uhttps://repositorio-dspace.agricultura.gov.br/bitstream/1/5278/1/MANUAL%20DE%20FISCALIZA%c3%87%c3%83O-AGROTOXICO%20SEUS%20COMPONENTES%20E%20FINS%20%281%29.pdf | ||
| 909 |
_a202306 _bFernando |
||
| 942 | _cBK | ||
| 999 |
_c9390 _d9390 |
||